|
|
|
|
| LEADER |
01719nam a2200469 i 4500 |
| 001 |
nkc20203216372 |
| 003 |
CZ PrNK |
| 005 |
20231026141628.0 |
| 007 |
ta |
| 008 |
200429s2020 xr ae e c 000 0 cze |
| 020 |
|
|
|a 978-80-87605-26-4
|q (skládanka)
|
| 040 |
|
|
|a BOA001
|b cze
|e rda
|
| 043 |
|
|
|a e-xr---
|b e-xr-kr
|2 czenas
|
| 045 |
|
|
|a y0y0
|
| 072 |
|
7 |
|a 73
|x Sochařství, keramika, porcelán, umělecké zpracování kovů
|2 Konspekt
|9 21
|
| 080 |
|
|
|a 730(437.3)
|2 MRF
|
| 080 |
|
|
|a 730.036/.038
|2 MRF
|
| 080 |
|
|
|a 27-532.2
|2 MRF
|
| 080 |
|
|
|a 7.04
|2 MRF
|
| 080 |
|
|
|a (437.313)
|2 MRF
|
| 080 |
|
|
|a (083.82)
|2 MRF
|
| 100 |
1 |
|
|a Křížkovská, Kateřina,
|d 1971-
|7 pag2014833064
|4 aut
|
| 245 |
1 |
0 |
|a Křížová cesta 21. století /
|c text Kateřina Křížkovská
|
| 264 |
|
1 |
|a Hradec Králové :
|b Galerie moderního umění v Hradci Králové,
|c 2020
|
| 300 |
|
|
|a 2 nečíslované strany :
|b barevné ilustrace, 1 plán ;
|c 42 x 30 cm složeno na 21 x 10 cm
|
| 336 |
|
|
|a text
|b txt
|2 rdacontent
|
| 337 |
|
|
|a bez média
|b n
|2 rdamedia
|
| 338 |
|
|
|a svazek
|b nc
|2 rdacarrier
|
| 500 |
|
|
|a 1500 výtisků
|
| 648 |
|
4 |
|a 2005-2008
|
| 648 |
|
7 |
|a 21. století
|7 ch460559
|2 czenas
|
| 650 |
0 |
7 |
|a české sochařství
|7 ph128152
|y 21. století
|2 czenas
|
| 650 |
0 |
7 |
|a moderní sochařství
|7 ph122941
|z Česko
|2 czenas
|
| 650 |
0 |
7 |
|a křížová cesta
|7 ph122161
|2 czenas
|
| 650 |
0 |
7 |
|a umělecké náměty
|7 ph138227
|2 czenas
|
| 651 |
|
7 |
|a Nový les (Kuks, Česko)
|7 ge188761
|2 czenas
|
| 655 |
|
7 |
|a katalogy
|7 fd132535
|2 czenas
|
| 910 |
2 |
|
|a BOA001
|b 2-1450.606
|
| 990 |
|
|
|a BK
|
| 995 |
|
|
|a 61
|
| 991 |
|
|
|b 202008
|c NOV
|
| 996 |
6 |
|
|b 2610830746
|c 2-1450.606
|l MZK
|r Sklad / do 1 hodiny
|n 1
|p p.v.
|w 001814316
|u 000010
|a 1
|e BOA001
|j MZK50
|s P
|